| 000 | 01295cam a2200241 4500 | ||
|---|---|---|---|
| 001 | ABS67728 | ||
| 008 | 040506n2004 000 0 eng u | ||
| 035 | _a(Sirsi) u126117 | ||
| 100 | _aNodwell, K. | ||
| 245 | _aPublic opportunities | ||
| 260 | _c2004 | ||
| 490 |
_aPremises and Facilities Management _vApril 2004, 38-39(2) |
||
| 520 | _aExamines some of the current issues facing the public sector Facilities Management (FM) market in the UK. Points out that this market saw a steady rise in its activities in the last year while the corporate FM sector has seen a fall. These good prospects are likely to continue with millions of pounds being allocated to PFI/PPP projects over the coming years. Compulsory competitive tendering policies and the introduction of best value practices are helping to increase social diversity and inclusion and help restructuring in local government. Also notes that public sector organisations have become very forward thinking with frequent and effective adoption of the best practices in the private sector. | ||
| 590 | _aABS | ||
| 590 | _aABS | ||
| 650 | _aFM SERVICES | ||
| 650 | _aPUBLIC SECTOR | ||
| 650 | _aPRIVATE SECTOR | ||
| 650 | _aPFI PROJECTS | ||
| 650 | _aBEST PRACTICE | ||
| 690 |
_aFACILITIES MANAGEMENT _96240 |
||
| 942 | _n0 | ||
| 999 |
_c117306 _d117306 |
||